| 000 | 00954cam a22002895a 4500 | ||
|---|---|---|---|
| 001 | 11437855 | ||
| 005 | 20201128023639.0 | ||
| 008 | 140827t2015 si a frb 001 0 eng d | ||
| 020 | _a9789812871756 | ||
| 040 |
_dWaSeSS _dEG-ScBUE _beng |
||
| 082 | 0 | 4 |
_a330.1 _222 _bBIR |
| 100 | 1 |
_aBirks, Stuart. _939418 |
|
| 245 | 1 | 0 |
_aRethinking economics : _bfrom analogies to the real world / _cStuart Birks. |
| 260 |
_aSingapore : _bSpringer, _cc.2015. |
||
| 300 |
_axii, 87 p. : _bill. ; _c24 cm. |
||
| 490 | 0 |
_aSpringerBriefs in Economics, _x2191-5504. |
|
| 504 | _aIncludes bibliographical references and indexes. | ||
| 506 | _aLicense restrictions may limit access. | ||
| 650 | 7 |
_aEconomics. _2BUEsh _9720 |
|
| 650 | 7 |
_aEconometrics. _2BUEsh _93215 |
|
| 650 | 7 |
_aEconomic policy. _2BUEsh _93322 |
|
| 651 | _2BUEsh | ||
| 653 |
_bBUSECO _cFebruary2016 |
||
| 710 | 2 | _aSpringerLink (Online service) | |
| 910 | _aVendor-generated brief record | ||
| 942 | _2ddc | ||
| 999 |
_c21216 _d21188 |
||